000 01382nam a2200349 i 4500
001 194351
003 ES-MaACL
005 20260216183914.0
007 ta
008 240425s2023 sp o g 000 0 spa d
017 _aCC 259-2023,
_bOficina del Depósito Legal de Cáceres
020 _a9788409565818
035 _aRebiun34402907
040 _aES-MaUAMH
_bspa
_cES-MaUAMH
_erda
_dES-MaACL
100 1 _aRamos Rubio, José Antonio,
_d1963-
_eaut
_9174430
245 1 0 _aAlmoharín
_bmemoria viva /
_cJosé Antonio Ramos Rubio
264 1 _a[Almoharín] :
_bAyuntamiento de Almoharín,
_c[2023]
300 _a197 páginas :
_bfotografías (blanco y negro) ;
_c23 cm
336 _aTexto
_2rdacontent
337 _asin mediación
_2rdamedia
338 _avolumen
_2rdacarrier
504 _aBibliografía: página 188
651 7 _aAlmoharín-
_xUsos y costumbres.
_9236033
651 7 _aAlmoharín-
_xHistoria.
_9236034
852 _aES-MaACL
_bR.154945
_cDEPOJ
_jN-9760
_hDonación: José Antonio Ramos Rubio
_9201954
_xEncuadernación rústica con solapas
903 _aRamos Rubio, José Antonio,
_d1963-
_ednr
_9174430
942 _n0
_cMONOGRAFIA
999 _c194351
_d194351